000 00848nac a22002417a 4500
001 BR7703573
003 BR-BrBNA
005 20240105114107.0
008 230509b bl.|||m| |||| 00| 0 por d
040 _aBR-BrBNA
_bpor
_cBiblioteca Nacional de Agricultura
072 _aT00
090 _aT00 BR7703573
110 1 _aFundacao Estadual de Engenharia do Meio Ambiente, Rio de Janeiro, RJ (Brasil)
_94883
111 1 _a9. Congresso Brasileiro de Engenharia Sanitaria
_cBelo Horizonte, MG (Brazil)
_dJul 1977
245 1 _aMeio ambiente. Varios estudos [Rio de Janeiro; Brasil]
260 3 _aRio de Janeiro, RJ (Brasil):
_c1977.
300 _a228 p.
490 _aCadernos FEEMA. Serie Tecnica (Brazil)
_vno. 2
_x
650 _aPoluicao
650 _aRio de Janeiro
909 _a202312
_bLúcia Elande
_c55
_dLúcia Elande
942 _2AGRIS
_n0
_cMS
999 _c267358
_d267358